000 00619nam a2200241Ia 4500
003 OSt
005 20221006144718.0
006 a|||||r|||| 00| 0
007 ta
008 221006b |||||||| |||| 00| 0 eng d
024 _a12,460
037 _bGift,
_cTextual
040 _aEASL
_cEASL
_beng
041 _2eng
_aeng
082 _aV41.N79, L9;1
100 _aSHAPIRO Sidney
_9652672
245 0 _aAmerican in China
260 _aChina
_bNew World
_c1979
300 _a281p.
_ccm.
490 _v CEL
942 _hV41.N79, L9;1
_cTEXL
_2CC
999 _c1080546
_d1080546